000 00519nam a2200205Ia 4500
003 OSt
005 20221005131441.0
006 a|||||r|||| 00| 0
007 ta
008 221004b |||||||| |||| 00| 0 eng d
024 _a32817
037 _cTextual
040 _aCRL
_cCRL
_beng
041 _2eng
_aeng
082 _aMV41.2:M44, A
245 0 _aSome recollections a Sepoy officer (1844 to 1858)
650 _aINDUSTRIAL ARTS
942 _hMV41.2:M44, A
_cTEXL
_2cc
999 _c1060371
_d1060371